La cultura del Caribe en la narrativa de Gabriel García Márquez / (Registro nro. 8037)

Detalles MARC
000 -LIDER
fixed length control field 01297nam a2200337 a 4500
001 - NÚMERO DE CONTROL
Identificador de número de control 000001980
003 - IDENTIFICACDOR DE NÚMERO DE CONTROL
control field DO-SdBNP
005 - DATE AND TIME OF LATEST TRANSACTION
control field 20220218073445.0
007 - CAMPOS FIJOS DE DESCRIPCIÓN FÍSICA
fixed length control field 000001980
008 - ELEMENTOS DE LONGITUD FIJA
fixed length control field 090630s2007 dr b 000 0 spa d
020 ## - ISBN
International Standard Book Number 9945427121
040 ## - FUENTE DE CATALOGACIÓN
Agencia que crea de manera original el registro BPMSU
Idioma de catalogación spa
Agencia que realiza la transcripción BPMSU
082 #4 - NÚMERO DE CLASIFICACIÓN DECIMAL DE DEWEY
Classification number Co864.44
Item number G216zp 2007
Edition number 22
092 ## - LOCALLY ASSIGNED DEWEY DECIMAL CALL NUMBER
Número de clasificación
100 1# - ASIENTO PRINCIPAL -- NOMBRE PERSONAL
Nombre personal Perdomo, Miguel Aníbal,
Fechas asociadas con el nombre 1949-
245 13 - MENCIÓN DE TITULO
Título La cultura del Caribe en la narrativa de Gabriel García Márquez /
Mención de responsabilidad Miquel Aníbal Perdomo; editor Amado Alexis Santana Chalas.
260 ## - PUBLICACIÓN, DISTRIBUCIÓN, ETC. (PIE DE IMPRENTA)
Lugar de publicación, distribución, etc Santo Domingo :
Nombre del editor, distribuidor, etc. Secretaría de Estados de Cultura,
Fecha de publicación, distribución, etc 2007.
300 ## - DESCRIPCIÓN FÍSICA
Extensión 299 p. ;
Dimensiones 23 cm.
490 0# - MENCIÓN DE SERIES
Mención de serie Premios anuales
502 ## - NOTA DE TESIS
Indentificador de Disertación Tesis norteamericanas sobre Colombia.
504 ## - NOTA DE BIBLIOGRAFÍA, ETC.
Bibliography, etc Bibliografía: p. 267-294
586 ## - AWARDS NOTE
Awards note Premio Nacional de Ensayo Pedro Henríquez Ureña, modalidad Ensayos Literarios, 2006
590 ## - NOTA LOCAL
Enlace Inventariado, 2022/VM
600 14 - ENCABEZAMIENTO DE MATERIA--NOMBRE PERSONAL
Nombre personal García Márquez, Gabriel
Fechas asociadas con el nombre 1927-2014
Subdivisión temática general Crítica e interpretación
Subdivisión de forma Tesis y disertaciones académicas.
650 #4 - ENCABEZAMIENTO DE MATERIA--TEMÁTICO
Término temático o nombre geográfico como elemento de entrada Cultura
Subdivisión de forma Tesis y disertaciones académicas .
Subdivisión geográfica Colombia
Subdivisión temática general
650 #4 - ENCABEZAMIENTO DE MATERIA--TEMÁTICO
Término temático o nombre geográfico como elemento de entrada Ensayos literarios
651 #4 - ENCABEZAMIENTO DE MATERIA--NOMBRE GEOGRÁFICO
Nombre geográfico Caribe (Región)
Subdivisión temática general Literatura
700 1# - ASIENTO SECUNDARIO -- NOMBRE PERSONAL
Nombre personal Santana Chalas, Amado Alexis,
Mención de responsabilidad editor
910 ## - VALIDACIÓN
Validación VMateo V. /Jornada de catalogación
942 ## - ADDED ENTRY ELEMENTS (KOHA)
Source of classification or shelving scheme Dewey Decimal Classification
Koha item type Libros
Existencias
Withdrawn status Lost status Source of classification or shelving scheme Damaged status Not for loan Collection code Home library Current library Date acquired Source of acquisition Full call number Barcode Date last seen Price effective from Koha item type
    Dewey Decimal Classification     Colección Dominicana Biblioteca Pública Metropolitana Salomé Ureña Biblioteca Pública Metropolitana Salomé Ureña 07/31/2015 Secretaría de Estado de Cultura BPMSU CD Co864.44 G216P 2007 BPMSU15070463 07/31/2015 07/31/2015 Libros